000 00822nam a22002297a 4500
001 48210
003 BD-RjUL
005 20211209054500.0
008 160813m2000 bg ||||| |||| 00| 0 ben d
020 _a9843107861
035 _a(BD-RjUL)48329
040 _aBD-RjUL
_bben
_cBD-RjUL
_dBD-RjUL
041 _aben
082 _223
_a891.441
_bKAA 2000
100 _aকবীর, বিলু
_9143739
245 _aএকাত্তরের জঙ্গনামা /
_cবিলু কবীর
260 _aবাংলাদেশ :
_bইন্টারন্যাশনাল ভলান্টারী সার্ভিসেস,
_c২০০০
300 _a৬০ পৃ. ;
_c২৪ সেমি.
650 _aবাংলা কবিতা
_9146035
650 _a Bengali Poetry
_9146036
942 _2ddc
_cBK
999 _c48210
_d48210